| 000 | 00574nam a22001817a 4500 | ||
|---|---|---|---|
| 999 |
_c175350 _d175350 |
||
| 005 | 20200826121254.0 | ||
| 010 | _aENG-128379 | ||
| 020 |
_c365.00 _a9789352838325 |
||
| 035 | _aEN-111911 | ||
| 037 | _bDBAD/PUB | ||
| 082 | _a530.00 | ||
| 100 | _aBatrt,Pankaj | ||
| 245 |
_aICSE Physics book1 for class IX / _cby Pankaj Bhatt |
||
| 260 |
_aNew Delhi _bS Chand school books _c2020 |
||
| 270 |
_aB-1/D-1,Grooud floor, Mohan Co-operative industrial estate, Mathura Road _bNew Delhi _e110044 |
||
| 300 |
_avi;138p. _c25cm(pbk) |
||
| 942 |
_2ddc _cEN _h530 _mBHA |
||